| 000 | 01268cam a2200349 a 4500 | ||
|---|---|---|---|
| 003 | CHAP | ||
| 005 | 20220817043758.0 | ||
| 008 | 010215d2000 mx d r 10100 spa d | ||
| 010 | _a84219 | ||
| 011 | _a85191 | ||
| 035 | _a95722 | ||
| 040 | _cCHAP | ||
| 082 | 0 | 4 |
_a636.08 _bA86 2000 |
| 111 | 0 | 0 |
_aAsociación Mexicana de Producción Animal. Reunión Anual ( _n28 : _d2000 : _cTapachula, Chiapas) _98064 |
| 245 | 1 | 0 |
_aMemoria _c/por Asociación Mexicana de Producción Animal |
| 260 |
_aTapachula, Chiapas : _bUniversidad Autónoma de Chiapas. Facultad de Ciencias Agrícolas, _c2000. |
||
| 300 |
_a332 p. : _bgráfs. ; cuadros ; diagramas |
||
| 590 |
_aBATCH-UPD _b10 _c20130110 _lUCH01 _h0512 |
||
| 590 |
_aBATCH-UPD _b10 _c20130410 _lUCH01 _h0150 |
||
| 590 |
_aBATCH-UPD _b10 _c20130914 _lUCH01 _h0421 |
||
| 590 |
_aCONVERSION _b10 _c20130109 _lUCH01 _h1347 |
||
| 650 | 1 | 4 |
_aAlimentos y alimentacion del ganado. _94326 |
| 650 | 1 | 4 |
_aAves de corral _xAlimentación. _98638 |
| 650 | 1 | 4 |
_aAvicultura _xCongresos. _98719 |
| 650 | 1 | 4 | _aForrajes. |
| 650 | 1 | 4 |
_aGanadería _xCongresos. _944677 |
| 650 | 1 | 4 | _aGenética animal. |
| 901 | _aBK | ||
| 905 | _aMarco A. Mendoza T. | ||
| 942 | _cLIBRO | ||
| 949 |
_a636.08 A86 2000 _bBC _cCONG _d33724000820122 _eCONG _h100057 _i95722 _sb |
||
| 999 |
_c84219 _d84219 |
||